000
00287nam a22001217a 4500
008
140219t xxu||||| |||| 00| 0 eng d
020
_a
978-0-632-05459-6
100
_a
J.D. Lee
_9
767
245
_a
Concise inorganic chemistry
250
_a
fifth edition
300
_a
1032
942
_2
ddc
_c
BK
999
_c
17024
_d
17024